Izmenenija v zakone o podochodnom naloge s graždan.

Zmena stupnice sadzieb dane z príjmov. Stimulujúci dopad pre iniciatívu a podnikavosť občanov. Doplnkové úľavy pre občanov pracujúcich v podnikoch a organizáciách. Dane z honorárov. Problém daňových úľav v podmienkach trhovej ekonomiky. Technika výpočtu daní. Minimálna mzda a dane. Daňové vyhlásenia...

Full description

Saved in:
Bibliographic Details
Main Author: Tur, V.A
Format: Book Chapter
Language:Russian
Subjects:
Tags: Add Tag
No Tags, Be the first to tag this record!

MARC

LEADER 00000naa a2200000 4500
001 r012237
005 20221130112849.6
041 0 |a rus 
044 |a RU 
245 1 0 |a Izmenenija v zakone o podochodnom naloge s graždan.  |c V.A. Tur 
520 |a Zmena stupnice sadzieb dane z príjmov. Stimulujúci dopad pre iniciatívu a podnikavosť občanov. Doplnkové úľavy pre občanov pracujúcich v podnikoch a organizáciách. Dane z honorárov. Problém daňových úľav v podmienkach trhovej ekonomiky. Technika výpočtu daní. Minimálna mzda a dane. Daňové vyhlásenia. 
610 2 0 |a dane z príjmov 
610 2 0 |a sadzby daňové 
610 2 0 |a úľavy daňové 
100 1 |a Tur, V.A.